A Decade of Football - 1930s - Statistics

General Stats
  • This quiz has been taken 23 times
  • The average score is 36 of 50
Answer Stats
Hint Answer % Correct
1932 German Championship Bayern Munich
100%
1934 World Cup Italy
100%
1938 World Cup Italy
100%
1931 Serie A Juventus
100%
1932 Serie A Juventus
100%
1933 Serie A Juventus
100%
1934 Serie A Juventus
100%
1935 Serie A Juventus
100%
1932 La Liga Madrid FC
100%
1933 La Liga Madrid FC
100%
1930 World Cup Uruguay
100%
1935 South American Championship Uruguay
100%
1930 Serie A Ambrosiana-Inter
93%
1938 Serie A Ambrosiana-Inter
93%
1931 First Division Arsenal
93%
1933 First Division Arsenal
93%
1934 First Division Arsenal
93%
1935 First Division Arsenal
93%
1938 First Division Arsenal
93%
1937 South American Championship Argentina
86%
1939 South American Championship Peru
86%
1930 La Liga Athletic Bilbao
79%
1931 La Liga Athletic Bilbao
79%
1934 La Liga Athletic Bilbao
79%
1936 La Liga Athletic Bilbao
79%
1937 French First Division Marseille
79%
1932 First Division Everton
71%
1939 First Division Everton
71%
1937 First Division Manchester City
71%
1936 Serie A Bologna
64%
1937 Serie A Bologna
64%
1939 Serie A Bologna
64%
1936 French First Division RC Paris
64%
1933 French First Division Olympique Lillois
57%
1934 German Championship Schalke
57%
1935 German Championship Schalke
57%
1937 German Championship Schalke
57%
1939 German Championship Schalke
57%
1935 La Liga Real Betis
50%
1930 First Division Sheffield Wednesday
50%
1936 First Division Sunderland
50%
1933 German Championship Fortuna Düsseldorf
43%
1938 German Championship Hannover 96
43%
1936 German Championship Nürnberg
43%
1930 German Championship Hertha Berlin
36%
1931 German Championship Hertha Berlin
36%
1934 French First Division Sète
29%
1939 French First Division Sète
29%
1935 French First Division Sochaux
21%
1938 French First Division Sochaux
21%
No matching quizzes found
Score Distribution
Percent of People with Each Score
Percentile by Number Answered
Your Score History
You have not taken this quiz